ARRUPE JESUIT UNIVERSITY

CORONAVIRUS -STOP THE SPREAD - CLEAN,DISINFECT,COVER

The doctors of revolution : (Record no. 131332)

MARC details
000 -LEADER
fixed length control field 01429cam a2200385 a 4500
001 - CONTROL NUMBER
control field 11762266
003 - CONTROL NUMBER IDENTIFIER
control field ARRUPE
005 - DATE AND TIME OF LATEST TRANSACTION
control field 20220504080211.0
008 - FIXED-LENGTH DATA ELEMENTS--GENERAL INFORMATION
fixed length control field 990719s2000 is b 001 0deng c
010 ## - LIBRARY OF CONGRESS CONTROL NUMBER
LC control number 99065583
020 ## - INTERNATIONAL STANDARD BOOK NUMBER
International Standard Book Number 0500018847
035 ## - SYSTEM CONTROL NUMBER
System control number (OCoLC)ocm45254283
040 ## - CATALOGING SOURCE
Original cataloging agency BKL
Transcribing agency BKL
Modifying agency ZQP
-- TXH
-- OCL
-- DPL
-- IQU
-- DLC
042 ## - AUTHENTICATION CODE
Authentication code pcc
043 ## - GEOGRAPHIC AREA CODE
Geographic area code e------
050 00 - LIBRARY OF CONGRESS CALL NUMBER
Classification number HN373
Item number .B34 2000
300 ## - PHYSICAL DESCRIPTION
Dimensions 26 cm.
100 1# - MAIN ENTRY--PERSONAL NAME
Personal name Barer, Shlomo,
Dates associated with a name 1919-
9 (RLIN) 51388
245 14 - TITLE STATEMENT
Title The doctors of revolution :
Remainder of title 19th-century thinkers who changed the world /
Statement of responsibility, etc Shlomo Barer.
246 30 - VARYING FORM OF TITLE
Title proper/short title 19th-century thinkers who changed the world
260 ## - PUBLICATION, DISTRIBUTION, ETC. (IMPRINT)
Place of publication, distribution, etc New York, N.Y. :
Name of publisher, distributor, etc Thames & Hudson,
Date of publication, distribution, etc 2000.
300 ## - PHYSICAL DESCRIPTION
Extent 1216 p. ;
504 ## - BIBLIOGRAPHY, ETC. NOTE
Bibliography, etc Includes bibliographical references (p. 1206-1211) and index.
600 10 - SUBJECT ADDED ENTRY--PERSONAL NAME
Personal name Marx, Karl,
Dates associated with a name 1818-1883.
650 #0 - SUBJECT ADDED ENTRY--TOPICAL TERM
Topical term or geographic name as entry element Social change
General subdivision Europe
-- History
Chronological subdivision 19th century.
9 (RLIN) 51389
650 #0 - SUBJECT ADDED ENTRY--TOPICAL TERM
Topical term or geographic name as entry element Philosophy, Modern
Chronological subdivision 19th century.
650 #0 - SUBJECT ADDED ENTRY--TOPICAL TERM
Topical term or geographic name as entry element Socialism
General subdivision History
Chronological subdivision 19th century.
9 (RLIN) 51390
650 #0 - SUBJECT ADDED ENTRY--TOPICAL TERM
Topical term or geographic name as entry element Anarchism
General subdivision History
Chronological subdivision 19th century.
9 (RLIN) 51391
650 #0 - SUBJECT ADDED ENTRY--TOPICAL TERM
Topical term or geographic name as entry element Communism
General subdivision History
Chronological subdivision 19th century.
9 (RLIN) 12211
651 #0 - SUBJECT ADDED ENTRY--GEOGRAPHIC NAME
Geographic name Europe
General subdivision Social conditions
Chronological subdivision 19th century.
9 (RLIN) 51392
651 #0 - SUBJECT ADDED ENTRY--GEOGRAPHIC NAME
Geographic name Europe
General subdivision History
Chronological subdivision 1789-1900.
9 (RLIN) 17433
906 ## - LOCAL DATA ELEMENT F, LDF (RLIN)
a 7
b cbc
c pccadap
d 2
e ncip
f 20
g y-gencatlg
942 ## - ADDED ENTRY ELEMENTS (KOHA)
Source of classification or shelving scheme Library of Congress Classification
Koha item type Monograph ( Printed materials)
Holdings
Withdrawn status Lost status Source of classification or shelving scheme Damaged status Not for loan Collection code Home library Current library Shelving location Date acquired Total Checkouts Full call number Barcode Date last seen Price effective from Koha item type
    Library of Congress Classification     Main Collection ARRUPE LIBRARY ARRUPE LIBRARY Main Collection 04/05/2022   HN373 .B34 2000 46600008708 04/05/2022 04/05/2022 Monograph ( Printed materials)

 

Arrupe Library. PO Box MP320 Mt Pleasant, Harare, Zimbabwe
263 242 745411|librarian@aju.ac.zw